000 01303nam a22002657a 4500
005 20150508102058.0
008 111014s2014 io a gr 00010 spa d
020 _a9786021504352
040 _aCO-BoIAVH
_cCO-BoIAVH
041 0 _aspa
082 0 4 _a577.309
_bM97r
100 1 _aMurcia, Carolina
_94211
245 1 3 _aLa restauración ecológica en Colombia :
_btendencias, necesidades y oportunidades
260 _aBogor, Indonesia:
_bUniversidad Nacional de Colombia. Facultad de Ciencias Departamento de Biología;
_bAlcadía Mayor de Bogotá. Secretaría Distrital de Ambiente ;
_bEmpresa de Acueducto y Alcantarillado de Bogotá ;
_bCentro para la Investigación Forestal Internacional - CIFOR,
_c2014.
300 _a86 p. :
_bgráficas
_c28 cm.
490 _aDocumentos ocasionales
_v107
504 _aIncluye referencias bibliográficas (pag. 53-56) y apéndices
650 4 _aEcología de páramos
_z Embalse de Chisacá (Cundinamarca, Colombia)
_yColombia
_933841
650 _aEcología forestal
_zColombia
_933842
650 _aEcología de embalses
_z Embalse de Chisacá (Cundinamarca, Colombia)
_933843
650 _aReforestación
_zColombia
_933844
650 4 _aSemillas
_z Embalse de Chisacá (Cundinamarca, Colombia)
_933845
700 1 _aGuariguata, Manuel
_925220
942 _2ddc
_cLIBRO
999 _c8570
_d8570